NFL General Knowledge Quiz - Statistics

General Stats
  • This quiz has been taken 962 times
  • The average score is 5 of 10
Answer Stats
Question Answer % Correct
The Legion of Boom refers to which NFL team? Seattle Seahawks
86%
Who holds the NFL record for all-time rushing yards? Emmitt Smith
81%
The NFL Hall of Fame in is which city? Canton, OH
71%
The Green Bay Packers defeated the ______________ in Super Bowl I. Kansas City Chiefs
69%
What football league was formed in 2001 by Vince McMahon and NBC? XFL
66%
The NFL announced its merger with the AFL in what year? 1966
47%
When was the last time a Caucasian cornerback started a game in the NFL? 2004
32%
Which NFL organization was a founding team? Arizona Cardinals
23%
Which NFL team has the most championships? Green Bay Packers
12%
Monday Night Football first aired in what year? 1970
8%
No matching quizzes found
Score Distribution
Percent of People with Each Score
Percentile by Number Answered
Your Score History
You have not taken this quiz